महमेरू / (Record no. 67160)

MARC details
000 -LEADER
fixed length control field 01119nam a22002417a 4500
005 - DATE AND TIME OF LATEST TRANSACTION
control field 20120112143825.0
008 - FIXED-LENGTH DATA ELEMENTS--GENERAL INFORMATION
fixed length control field 120112t xxu||||| |||| 00| 0 mar d
010 ## - LCCN (DPL NO)
LC control number MAR-22170
020 ## - INTERNATIONAL STANDARD BOOK NUMBER
Terms of availability 330.00
035 ## - SYSTEM CONTROL NUMBER
System control number MR-14828
037 ## - SOURCE OF ACQUISITION
Source of stock number/acquisition DBAD/PUB
040 ## - CATALOGING SOURCE
Original cataloging agency DPL
Language of cataloging MR
082 ## - DEWEY DECIMAL CLASSIFICATION NUMBER
Classification number 891.463
100 ## - MAIN ENTRY--PERSONAL NAME
9 (RLIN) 39079
Personal name वडमारे, राजेंद्र
245 ## - TITLE STATEMENT
Title महमेरू /
Statement of responsibility, etc राजेंद्र वडमारे
246 ## - VARYING FORM OF TITLE
Title proper/short title Mahameru
Remainder of title by Rajendra Vadmare
260 ## - PUBLICATION, DISTRIBUTION, ETC. (IMPRINT)
Place of publication, distribution, etc माजलगाव
Name of publisher, distributor, etc मीरा बुक्स अँड पब्लिकेशन
Date of publication, distribution, etc 2011
270 ## - ADDRESS
Address 'जिजाऊ ' कालीकनगर,नवीन स्टॅन्डसमोर,
City माजलगाव
300 ## - PHYSICAL DESCRIPTION
Extent 336पृ
Dimensions 22सेमी(अजिल्द)
650 ## - SUBJECT ADDED ENTRY--TOPICAL TERM
Topical term or geographic name as entry element मराठी कादंबरी
General subdivision चरित्रात्मक
9 (RLIN) 47922
942 ## - ADDED ENTRY ELEMENTS (KOHA)
Source of classification or shelving scheme Dewey Decimal Classification
Item type Marathi Books
Call number suffix वडमा
Classification part 891.463
Holdings
Withdrawn status Lost status Source of classification or shelving scheme Damaged status Not for loan Collection code Home library Current library Date acquired Source of acquisition Cost, normal purchase price Total Checkouts Full call number Barcode Date last seen Copy number Cost, replacement price Koha item type
    Dewey Decimal Classification   Not For Loan Fiction D.B.Act.Division D.B.Act.Division 25/05/2012 DBAD / PUB 330.00   891.463 वडमा MR-14828 25/05/2012 1 330.00 Marathi Books

© Delhi Public Library
Hit Counter
free hit counter